| 000 | 00786nam a2200253Ia 4500 | ||
|---|---|---|---|
| 003 | OSt | ||
| 005 | 20221005062143.0 | ||
| 006 | a|||||r|||| 00| 0 | ||
| 007 | ta | ||
| 008 | 221004b |||||||| |||| 00| 0 eng d | ||
| 020 |
_a0415116260 (pbk) _c2816.05 |
||
| 024 | _a19200 | ||
| 037 |
_b43733, 26/03/2015, Segment Book Distributors _cTextual |
||
| 040 |
_aCRL _cCRL _beng |
||
| 041 |
_2eng _aeng |
||
| 082 | _aO111,2J64:g, N6 | ||
| 100 |
_aBulman James C Ed. _9493008 |
||
| 245 | 0 | _aShakespeare, theory and performance | |
| 260 |
_aLondon _bRoutledge UK _c1996 |
||
| 300 |
_a218p. _ccm. |
||
| 650 | _aENGLISH LITERATURE | ||
| 942 |
_hO111,2J64:g, N6 _cTEXL _2cc |
||
| 999 |
_c969271 _d969271 |
||